| 000 | 00727cab a2200229 4500 | ||
|---|---|---|---|
| 001 | WB2745-06 | ||
| 008 | 090401t1991 xxu||||| |||| 00| 0 eng d | ||
| 035 | _a(Sirsi) u44673 | ||
| 041 | _aeng | ||
| 245 | _aNEC rival | ||
| 260 | _c1991 | ||
| 350 | _a0 | ||
| 490 |
_aConstruction News _v(6241) 21 November 1991, 2(2) |
||
| 520 | _aAn alternative to the ICE New Engineering Contract is to be launched by the legal adviser who helped the ICE to draw up its contract. | ||
| 650 | _aBUILT ENVIRONMENT-BUILDING CONTRACT FORMS | ||
| 650 | _aJCT | ||
| 650 | _aNEW CONSTRUCTION CONTRACT | ||
| 650 | _aSTANDARD FORMS OF CONTRACT | ||
| 690 | _aBUILT ENVIRONMENT-BUILDING CONTRACT FORMS | ||
| 942 | _n0 | ||
| 948 | _c04/03/1997 | ||
| 999 |
_c28387 _d28387 |
||